On line for FCE : teacher's
Αποθηκεύτηκε σε:
| Κύριος συγγραφέας: | |
|---|---|
| Μορφή: | Βιβλίο |
| Γλώσσα: | English |
| Δημοσίευση: |
Αθήνα :
c1998
|
| Θέματα: | |
| Ετικέτες: |
Προσθήκη ετικέτας
Δεν υπάρχουν, Καταχωρήστε ετικέτα πρώτοι!
|
MARC
| LEADER | 00000cam a2200000 i 4500 | ||
|---|---|---|---|
| 001 | 1/44246 | ||
| 008 | 031103s1998 gr ||| | eng|| | ||
| 035 | |l 10071511 | ||
| 040 | |a GR-MY-UA |b gre |e aacr | ||
| 041 | 0 | |a eng | |
| 082 | 0 | |a 428.2 | |
| 100 | 1 | |a Boukouvalas, John. | |
| 245 | 1 | 0 | |a On line for FCE : |b teacher's / |c John Boukouvalas. |
| 260 | |a Αθήνα : |c c1998 | ||
| 300 | |a 116 σ.; |b εικ.; |c 28 εκ. | ||
| 500 | |a An intensive revision course for FCE candidates--Exam items: grammar, vocabulary, composition, speaking | ||
| 650 | 0 | 0 | |a English language |x Study and teaching (Higher) |x Foreign speakers. |
| 650 | 0 | 0 | |a English language |x Study and teaching |x Foreign speakers |x Problems,exercises, etc. |
| 852 | |a INST |b LESVOS |e 20031103 |h 428.2 ΜΠΟ |p 005100024770 |q 005100024770 |t BK |y 0 | ||
| 901 | |a BIBL1-2003-3 | ||
| 909 | |a Λ |b 104296 | ||
| 970 | |a ΤΖΑΦΕΡΗ |b ΕΥΑΓΓΕΛΙΑ |z 2003/11/01 | ||